Capitaines des clubs de Ligue 1 (2022-2023) - Statistiques

Statistiques générales
  • Ce quiz a été pris 581 fois
  • Le résultat moyen est 11 sur 20
Statistiques - réponses
Club Joueur Nationalité % Correct
Paris Saint-Germain Marquinhos Brésilien
98%
AS Monaco Wissam Ben Yedder Français
94%
RC Lens Seko Fofana Ivoirien
91%
OGC Nice Dante Brésilien
90%
Olympique de Marseille Dimitri Payet Français
89%
Olympique Lyonnais Alexandre Lacazette Français
88%
LOSC Lille José Fonte Portugais
80%
Stade Rennais Hamari Traoré Malien
77%
FC Nantes Alban Lafont Français
70%
Montpellier Téji Savanier Français
69%
Stade de Reims Yunis Abdelhamid Marocain
57%
RC Strasbourg Dimitri Liénard Français
48%
ESTAC Troyes Adil Rami Français
44%
FC Lorient Laurent Abergel Français
27%
Stade Brestois 29 Brendan Chardonnet Français
26%
AJ Auxerre Birama Touré Malien
21%
Toulouse FC Brecht Dejaegere Belge
19%
Angers SCO Pierrick Capelle Français
18%
Clermont Foot 63 Florent Ogier Français
12%
AC Ajaccio Mathieu Coutadeur Français
8%
Aucun quiz correspondant
Distribution des résultats
% des personnes avec chaque résultat
Percentile par nombre de réponses
Votre historique - résultats
Vous n’avez pas pris ce quiz